=LDR 00000nam 2200000 4500 =001 001223 =005 20250712093742 =035 ##$$a 0010-0725000739 =007 ta =008 250712################a##########0#ind## =020 ##$$a 978-623-307-509-1 =082 ##$$a 398.209 598 =084 ##$$a 398.209 598 BRO b =100 #$$a bros, choeurn =245 1#$$a Bada kecil dan sepeda yang terlalu tinggi /$c choeurn bros =250 ##$$a Pertama =260 ##$$a Jakarta :$b Badan pengembangan dan pembinaan bahasa,$c 2022 =300 ##$$a 18 HLM. : $b ilus. ; $c 21,5 cm =650 #4$$a Cerita anak Indonesia terjemahan =650 #4$$a Literasi bahan bacaan